00334nam a22001097a 4500008004100000020001500041082001600056110002200072245010000094260002200194300000800216230620b xxu||||| |||| 00| 0 eng d a9291420484 a323.34bIPU bIPUcGenevad1998 aPositions Regarding Human Rights issuesbtaken by the Inter-parliamentary Union in recent years aGenevabIPUc1998 a68p